000 00701nam a2200229Ia 4500
003 OSt
005 20250807125505.0
008 220926b |||||||| |||| 00| 0 eng d
037 _cReference
040 _aRTL
_cRTL
_beng
041 _2eng
_aeng
084 _aB37 D5/SC
_qRTL
100 _aPierpont James
_9371116
245 0 _aLectures on the theory of functions of real variables
260 _aNew
_bYork Dover Publications
_c1905
300 _axii, 560 p.
_bIncludes bibliographical reference and index
440 _v1
650 _afunctions of real variables
_9817458
650 _aMathematics
942 _hB37 D5/SC
_cREF
_2CC
_n0
999 _c691353
_d691353